Central Library OPAC University of Rajshahi

Tajribat al-iṣlāḥ fī ḥarakat al-Mahdī ibn Tūmart :تجربة الإصلاح في حركة المهدي بن تومرت : الحركة الموحدية بالمغرب اوائل القرن السادس الهجري (Record no. 81012)

MARC details
000 -LEADER
fixed length control field 01680cam a2200313 a 4500
001 - CONTROL NUMBER
control field 81012
003 - CONTROL NUMBER IDENTIFIER
rucl marc code BD-RjUL
005 - DATE AND TIME OF LATEST TRANSACTION
control field 20221223193008.0
008 - FIXED-LENGTH DATA ELEMENTS--GENERAL INFORMATION
fixed length control field 911004r19951984vau b 000 0 ara
020 ## - INTERNATIONAL STANDARD BOOK NUMBER
International Standard Book Number 156564011X (pbk.)
035 ## - SYSTEM CONTROL NUMBER
System control number (BD-RjUL)81012
040 ## - CATALOGING SOURCE
Original cataloging agency DLC
Transcribing agency DLC
Modifying agency DLC
Language of cataloging eng
041 ## - LANGUAGE CODE
Language code of text/sound track or separate title eng
082 ## - DEWEY DECIMAL CLASSIFICATION NUMBER
Edition number 23
Classification number 297.09
Author mark and year NAT 1995
100 1# - MAIN ENTRY--PERSONAL NAME
Personal name Najjār, ʻAbd al-Majīd.النجار, عبد المجيد.
9 (RLIN) 6419
245 10 - TITLE STATEMENT
Title Tajribat al-iṣlāḥ fī ḥarakat al-Mahdī ibn Tūmart :تجربة الإصلاح في حركة المهدي بن تومرت : الحركة الموحدية بالمغرب اوائل القرن السادس الهجري
Remainder of title al-ḥarakah al-Muwaḥḥidīyah bi-al-Maghrib awāʼil al-qarn al-sādis al-Hijrī /
Statement of responsibility, etc. ʻAbd al-Majīd al-Najjār.
250 ## - EDITION STATEMENT
Edition statement al-Ṭabʻah 2., Munaqqaḥah wa-mazīdah.
260 ## - PUBLICATION, DISTRIBUTION, ETC. (IMPRINT)
Place of publication, distribution, etc. Hīrindin, Fīrjīniyā :
Name of publisher, distributor, etc. al-Maʻhad al-ʻĀlamī lil-Fikr al-Islāmī,
Date of publication, distribution, etc. 1995.
300 ## - PHYSICAL DESCRIPTION
Pagination 152 p. ;
Size 23 cm.
500 ## - GENERAL NOTE
General note Originally published: Tajribat al-taghyīr fī ḥarakat al-Mahdī ibn Tūmart. 1984.
504 ## - BIBLIOGRAPHY, ETC. NOTE
Bibliography, etc Includes bibliographical references (p. 143-147).
600 10 - SUBJECT ADDED ENTRY--PERSONAL NAME
Personal name Ibn Tūmart, Muḥammad,
Dates associated with a name -approximately 1130.
650 #0 - SUBJECT ADDED ENTRY--TOPICAL TERM
Topical term or geographic name as entry element Almohades
General subdivision History.
9 (RLIN) 6422
Topical term or geographic name as entry element Islam
General subdivision Doctrines
-- History.
9 (RLIN) 6423
Topical term or geographic name as entry element Islam
Geographic subdivision Africa, North
General subdivision History.
9 (RLIN) 6424
942 ## - ADDED ENTRY ELEMENTS (KOHA)
Source of classification or shelving scheme Dewey Decimal Classification
Koha item type Books
Holdings
Lost status Source of classification or shelving scheme Damaged status Not for loan Collection code Permanent Location Current Location Shelving location Date acquired Source of acquisition Total Checkouts Full call number Date last seen Copy number Koha item type
  Dewey Decimal Classification   Not For Loan Non-fiction Central Library, University of Rajshahi Central Library, University of Rajshahi Reading Room   Bangladesh Institute of Islamic thought   A 297.09 NAT 1995 23/12/2022 C-1 Books